Die 3 besten Fußballspieler in jedem Jahr seit 1990 - Statistiken

Allgemein
  • Dieses Quiz wurde 1.286 mal gespielt
  • Das Durchschnittsergebnis liegt bei 56 aus 100
Antwortstatistiken
Hinweis Antwort % Korrekt
2007 | 2008 | 2009 | +10 others Cristiano Ronaldo
100%
2007 | 2008 | 2009 | +11 others Lionel Messi
100%
1997 Ronaldo Nazario
100%
2018 Luka Modrić
85%
2015 Neymar
82%
2014 Manuel Neuer
82%
2017 Neymar
82%
2020 | 2021 Robert Lewandowski
81%
2022 Karim Benzema
80%
2004 | 2005 Ronaldinho
79%
2010 | 2012 Andrés Iniesta
67%
1997 | 1998 | 2000 Zinédine Zidane
67%
2007 Kaká
66%
2013 Franck Ribéry
63%
1996 | 1998 | 2002 Ronaldo Nazario
63%
2009 | 2010 | 2011 Xavi
63%
1990 | 1991 Lothar Matthäus
60%
2019 Virgil Van Dijk
52%
2006 Fabio Cannavaro
51%
2003 | 2006 Thierry Henry
47%
1994 | 2003 Paolo Maldini
45%
2006 Gianluigi Buffon
43%
1999 Rivaldo
43%
2001 | 2002 Oliver Kahn
38%
2022 Kevin De Bruyne
37%
1996 Matthias Sammer
37%
2022 Sadio Mané
37%
1999 David Beckham
36%
2000 Luís Figo
35%
1992 Marco Van Basten
35%
2016 | 2018 Antoine Griezmann
31%
2003 Pavel Nedvêd
29%
2002 Roberto Carlos
28%
2008 Fernando Torres
27%
2001 Michael Owen
26%
1993 | 1994 Roberto Baggio
22%
2005 Steven Gerrard
20%
2005 Frank Lampard
19%
1995 George Weah
19%
2021 Jorginho
19%
2001 Raúl
18%
1995 Jürgen Klinsmann
17%
1992 | 1993 Dennis Bergkamp
14%
2004 Deco
11%
1990 Andreas Brehme
10%
1996 Alan Shearer
9%
1998 Davor Šuker
8%
1991 Jean-Pierre Papin
8%
1999 | 2000 | 2004 Andrij Schewtschenko
7%
1993 Éric Cantona
5%
1992 | 1994 Christo Stoitschkow
3%
1995 Jari Litmanen
3%
1990 Salvatore Schillaci
2%
1991 Darko Pančev
1%
1991 Dejan Savićević
1%
1997 Predrag Mijatović
1%
Keine übereinstimmenden Quizze gefunden
Verteilung der Resultate
Anzahl Personen mit jedem Resultat
Perzentil nach korrekt beantworteten Fragen
Ihre Resultats-Entwicklung
Sie haben dieses Quiz noch nicht gespielt